[Event "Championnat de la Réunion Individuel 2026"]
[Site "Reunion"]
[Date "????.??.??"]
[Round "2.7"]
[White "MEZOUAGHI, Miloud"]
[Black "GOMEZ, Antoine"]
[Result "1-0"]
[WhiteTitle "-"]
[BlackTitle "-"]
[WhiteFideId "-"]
[BlackFideId "-"]
[WhiteElo "1994"]
[BlackElo "1783"]

1. c4 {[%emt 00:00:23]} a6 {[%emt 00:00:26]} 2. g3 {[%clk 01:11:17]} {[%emt
00:00:40]} h5 {[%emt 00:03:51]} 3. h4 {[%clk 01:08:12]} {[%emt 00:00:26]} e5
{[%clk 01:15:18]} {[%emt 00:00:42]} 4. Nc3 {[%clk 01:08:29]} {[%emt 00:00:13]}
b5 {[%emt 00:00:57]} 5. Bg2 {[%emt 00:03:55]} c6 {[%emt 00:03:16]} 6. cxb5
{[%clk 01:05:27]} {[%emt 00:00:06]} axb5 {[%emt 00:07:00]} 7. Nxb5 {[%emt
00:01:00]} d5 {[%clk 01:12:08]} {[%emt 00:00:28]} 8. Nc3 {[%emt 00:01:13]} d4
{[%emt 00:00:41]} 9. Ne4 {[%emt 00:01:28]} f5 {[%emt 00:00:40]} 10. Ng5 {[%emt
00:00:45]} e4 {[%emt 00:11:06]} 11. d3 {[%emt 00:01:37]} e3 {[%emt 00:01:53]}
12. f4 {[%emt 00:05:43]} Nf6 {[%emt 00:03:25]} 13. Qb3 {[%emt 00:02:46]} Qe7
{[%emt 00:01:45]} 14. N1f3 {[%emt 00:01:05]} Qb4+ {[%clk 01:02:42]} {[%emt
00:00:04]} 15. Qxb4 {[%clk 00:40:48]} {[%emt 00:00:19]} Bxb4+ {[%emt 00:02:43]}
16. Kd1 {[%clk 00:37:35]} {[%emt 00:01:05]} Bc5 {[%emt 00:05:09]} 17. Ne5
{[%emt 00:01:38]} Bb7 {[%emt 00:01:56]} 18. Ne6 {[%emt 00:02:47]} Bd6 {[%emt
00:04:20]} 19. Nc4 {[%emt 00:00:56]} Ke7 {[%emt 00:00:56]} 20. Nxd4 {[%clk
00:31:33]} {[%emt 00:00:56]} g6 {[%clk 00:50:53]} {[%emt 00:04:07]} 21. Bxe3
{[%clk 00:26:15]} {[%emt 00:05:48]} Ra4 {[%clk 00:50:37]} {[%emt 00:00:46]} 22.
b3 {[%clk 00:26:12]} {[%emt 00:00:32]} Rxc4 {[%clk 00:50:36]} {[%emt 00:00:31]}
23. bxc4 {[%clk 00:26:00]} {[%emt 00:00:42]} Ng4 {[%clk 00:50:47]} {[%emt
00:00:18]} 24. Bg1 {[%clk 00:26:07]} {[%emt 00:00:24]} Kd7 {[%clk 00:50:44]}
{[%emt 00:00:32]} 25. Rb1 {[%clk 00:25:43]} {[%emt 00:00:55]} Ba8 {[%clk
00:50:20]} {[%emt 00:00:53]} 26. Bf3 {[%clk 00:25:31]} {[%emt 00:00:42]} Nf6
{[%clk 00:49:10]} {[%emt 00:01:40]} 27. Bf2 {[%clk 00:23:43]} {[%emt 00:02:18]}
Na6 {[%clk 00:49:12]} {[%emt 00:00:28]} 28. Rb6 {[%clk 00:22:49]} {[%emt
00:01:24]} Nb8 {[%clk 00:49:05]} {[%emt 00:00:37]} 29. Kd2 {[%clk 00:18:56]}
{[%emt 00:04:24]} Bc5 {[%emt 00:01:37]} 30. Rb2 {[%clk 00:18:29]} {[%emt
00:00:38]} Na6 {[%clk 00:48:19]} {[%emt 00:00:28]} 31. Rhb1 {[%clk 00:17:55]}
{[%emt 00:01:04]} Re8 {[%clk 00:47:32]} {[%emt 00:01:17]} 32. Bg1 {[%clk
00:17:51]} {[%emt 00:00:34]} Kc7 {[%emt 00:01:27]} 33. Rb3 {[%clk 00:14:55]}
{[%emt 00:03:12]} Bf8 {[%emt 00:03:39]} 34. Rb6 {[%clk 00:13:31]} {[%emt
00:00:40]} Nb8 {[%clk 00:44:39]} {[%emt 00:00:44]} 35. Rxb8 {[%clk 00:09:42]}
{[%emt 00:04:20]} Rxb8 {[%clk 00:44:52]} {[%emt 00:00:17]} 36. Ne6+ {[%clk
00:10:04]} {[%emt 00:00:09]} 1-0

[Event "Championnat de la Réunion Individuel 2026"]
[Site "Reunion"]
[Date "????.??.??"]
[Round "3.1"]
[White "RIVIERE, Etienne"]
[Black "FOLIO, Pierre"]
[Result "1-0"]
[WhiteTitle "-"]
[BlackTitle "-"]
[WhiteFideId "-"]
[BlackFideId "-"]
[WhiteElo "2062"]
[BlackElo "1787"]

1. Nf3 {[%clk 00:12:04]} {[%emt 00:00:02]} Nf6 {[%clk 00:12:02]} {[%emt
00:00:04]} 2. c4 {[%clk 00:12:04]} {[%emt 00:00:02]} c5 {[%clk 00:12:02]}
{[%emt 00:00:04]} 3. g3 {[%clk 00:12:05]} {[%emt 00:00:03]} g6 {[%clk
00:12:04]} {[%emt 00:00:02]} 4. b3 {[%clk 00:12:05]} {[%emt 00:00:03]} Bg7
{[%clk 00:11:56]} {[%emt 00:00:11]} 5. Bb2 {[%clk 00:12:05]} {[%emt 00:00:02]}
Nc6 {[%clk 00:11:49]} {[%emt 00:00:10]} 6. Bg2 {[%clk 00:12:06]} {[%emt
00:00:02]} O-O {[%clk 00:11:45]} {[%emt 00:00:07]} 7. O-O {[%clk 00:12:06]}
{[%emt 00:00:03]} Rb8 {[%clk 00:11:20]} {[%emt 00:00:28]} 8. d4 {[%clk
00:11:37]} {[%emt 00:00:32]} cxd4 {[%clk 00:11:21]} {[%emt 00:00:02]} 9. Nxd4
{[%clk 00:11:37]} {[%emt 00:00:04]} d5 {[%clk 00:10:13]} {[%emt 00:01:11]} 10.
cxd5 {[%clk 00:11:02]} {[%emt 00:00:37]} Nxd5 {[%clk 00:10:14]} {[%emt
00:00:02]} 11. Nxc6 {[%clk 00:10:43]} {[%emt 00:00:22]} bxc6 {[%clk 00:10:15]}
{[%emt 00:00:02]} 12. Bxg7 {[%clk 00:10:42]} {[%emt 00:00:04]} Kxg7 {[%clk
00:10:16]} {[%emt 00:00:02]} 13. Qd4+ {[%clk 00:10:29]} {[%emt 00:00:16]} f6
{[%clk 00:09:41]} {[%emt 00:00:39]} 14. Qxa7 {[%clk 00:10:22]} {[%emt
00:00:10]} Qb6 {[%clk 00:09:14]} {[%emt 00:00:30]} 15. Qxb6 {[%clk 00:10:10]}
{[%emt 00:00:15]} Rxb6 {[%clk 00:09:16]} {[%emt 00:00:02]} 16. Rc1 {[%clk
00:09:57]} {[%emt 00:00:15]} e5 {[%clk 00:08:33]} {[%emt 00:00:46]} 17. Nc3
{[%clk 00:09:48]} {[%emt 00:00:13]} Be6 {[%clk 00:08:23]} {[%emt 00:00:13]} 18.
Na4 {[%clk 00:09:33]} {[%emt 00:00:18]} Rb4 {[%clk 00:07:39]} {[%emt 00:00:48]}
19. Rxc6 {[%clk 00:09:27]} {[%emt 00:00:09]} Re8 {[%clk 00:06:30]} {[%emt
00:01:12]} 20. Rxe6 {[%clk 00:09:14]} {[%emt 00:00:16]} Rxe6 {[%clk 00:06:31]}
{[%emt 00:00:02]} 21. Bxd5 {[%clk 00:09:14]} {[%emt 00:00:03]} Rd6 {[%clk
00:06:27]} {[%emt 00:00:07]} 22. e4 {[%clk 00:08:59]} {[%emt 00:00:18]} f5
{[%clk 00:06:17]} {[%emt 00:00:13]} 23. f3 {[%clk 00:08:54]} {[%emt 00:00:08]}
fxe4 {[%clk 00:06:01]} {[%emt 00:00:20]} 24. fxe4 {[%clk 00:08:52]} {[%emt
00:00:04]} Rd4 {[%clk 00:05:56]} {[%emt 00:00:08]} 25. Nc5 {[%clk 00:08:09]}
{[%emt 00:00:46]} Kf6 {[%clk 00:05:10]} {[%emt 00:00:48]} 26. Rf1+ {[%clk
00:07:39]} {[%emt 00:00:34]} Ke7 {[%clk 00:05:12]} {[%emt 00:00:01]} 27. Rf7+
{[%clk 00:06:51]} {[%emt 00:00:51]} Ke8 {[%clk 00:05:14]} 28. Rxh7 {[%clk
00:06:40]} {[%emt 00:00:14]} Rf6 {[%clk 00:05:14]} {[%emt 00:00:03]} 29. Ne6
{[%clk 00:06:06]} {[%emt 00:00:37]} Rd1+ {[%clk 00:04:56]} {[%emt 00:00:22]} 30.
Kg2 {[%clk 00:06:06]} {[%emt 00:00:03]} Rc1 {[%clk 00:04:53]} {[%emt 00:00:05]}
31. b4 {[%clk 00:05:00]} {[%emt 00:01:09]} g5 {[%clk 00:04:54]} {[%emt
00:00:03]} 32. Nxg5 {[%clk 00:04:37]} {[%emt 00:00:25]} Kd8 {[%clk 00:04:43]}
{[%emt 00:00:14]} 33. b5 {[%clk 00:04:26]} {[%emt 00:00:14]} Rc2+ {[%clk
00:04:39]} {[%emt 00:00:07]} 34. Kh3 {[%clk 00:04:22]} {[%emt 00:00:06]} Kc8
{[%clk 00:04:26]} {[%emt 00:00:16]} 35. Ne6 {[%clk 00:03:31]} {[%emt 00:00:54]}
Rff2 {[%clk 00:04:10]} {[%emt 00:00:20]} 36. Rh8+ {[%clk 00:03:08]} {[%emt
00:00:27]} Kd7 {[%clk 00:04:11]} {[%emt 00:00:01]} 37. Rd8+ {[%clk 00:03:04]}
{[%emt 00:00:07]} Ke7 {[%clk 00:04:13]} 38. b6 {[%clk 00:02:56]} {[%emt
00:00:11]} Rxh2+ {[%clk 00:04:11]} {[%emt 00:00:05]} 39. Kg4 {[%clk 00:02:57]}
{[%emt 00:00:01]} Rh6 {[%clk 00:03:38]} {[%emt 00:00:36]} 40. b7 {[%clk
00:02:23]} {[%emt 00:00:38]} Rg6+ {[%clk 00:03:39]} {[%emt 00:00:02]} 41. Ng5
{[%clk 00:01:53]} {[%emt 00:00:33]} Rxg5+ {[%clk 00:03:30]} {[%emt 00:00:12]}
42. Kxg5 {[%clk 00:01:48]} {[%emt 00:00:08]} Rc8 {[%clk 00:03:21]} {[%emt
00:00:13]} 43. Rxc8 {[%clk 00:01:39]} {[%emt 00:00:12]} 1-0

[Event "Championnat de la Réunion Individuel 2026"]
[Site "Reunion"]
[Date "????.??.??"]
[Round "3.4"]
[White "HOARAU, Antoine"]
[Black "FRELICOT, Eric"]
[Result "1-0"]
[WhiteTitle "-"]
[BlackTitle "-"]
[WhiteFideId "-"]
[BlackFideId "-"]
[WhiteElo "1820"]
[BlackElo "1724"]

1. d4 {[%clk 00:12:04]} {[%emt 00:00:02]} d5 {[%clk 00:12:01]} {[%emt
00:00:05]} 2. c4 {[%clk 00:12:06]} {[%emt 00:00:01]} c6 {[%clk 00:12:03]}
{[%emt 00:00:02]} 3. Nc3 {[%clk 00:12:08]} Nf6 {[%clk 00:12:04]} {[%emt
00:00:02]} 4. e3 {[%clk 00:12:10]} {[%emt 00:00:01]} a6 {[%clk 00:12:05]}
{[%emt 00:00:03]} 5. Nf3 {[%clk 00:12:04]} {[%emt 00:00:08]} g6 {[%clk
00:11:59]} {[%emt 00:00:09]} 6. Bd3 {[%clk 00:12:03]} {[%emt 00:00:04]} Bg7
{[%clk 00:11:58]} {[%emt 00:00:04]} 7. O-O {[%clk 00:12:02]} {[%emt 00:00:04]}
O-O {[%clk 00:11:59]} {[%emt 00:00:02]} 8. a4 {[%clk 00:11:41]} {[%emt
00:00:24]} Nbd7 {[%clk 00:10:47]} {[%emt 00:01:15]} 9. Re1 {[%clk 00:11:15]}
{[%emt 00:00:29]} dxc4 {[%clk 00:10:42]} {[%emt 00:00:08]} 10. Bxc4 {[%clk
00:11:15]} {[%emt 00:00:03]} Nb6 {[%clk 00:10:43]} {[%emt 00:00:03]} 11. Bd3
{[%clk 00:11:06]} {[%emt 00:00:12]} Bg4 {[%clk 00:10:38]} {[%emt 00:00:08]} 12.
h3 {[%clk 00:10:46]} {[%emt 00:00:23]} Be6 {[%clk 00:09:52]} {[%emt 00:00:47]}
13. e4 {[%clk 00:10:08]} {[%emt 00:00:42]} Bc4 {[%clk 00:09:33]} {[%emt
00:00:22]} 14. Bc2 {[%clk 00:09:51]} {[%emt 00:00:21]} Qc7 {[%clk 00:08:54]}
{[%emt 00:00:42]} 15. Be3 {[%clk 00:07:33]} {[%emt 00:02:21]} Rad8 {[%clk
00:08:42]} {[%emt 00:00:15]} 16. Qd2 {[%clk 00:06:44]} {[%emt 00:00:51]} Be6
{[%clk 00:07:35]} {[%emt 00:01:11]} 17. b3 {[%clk 00:06:40]} {[%emt 00:00:07]}
Bc8 {[%clk 00:07:07]} {[%emt 00:00:31]} 18. Rad1 {[%clk 00:05:26]} {[%emt
00:01:16]} Rfe8 {[%clk 00:07:11]} {[%emt 00:00:02]} 19. Bf4 {[%clk 00:05:15]}
{[%emt 00:00:16]} Qd7 {[%clk 00:06:32]} {[%emt 00:00:42]} 20. a5 {[%clk
00:05:11]} {[%emt 00:00:07]} Na8 {[%clk 00:06:15]} {[%emt 00:00:21]} 21. Na4
{[%clk 00:05:00]} {[%emt 00:00:14]} e5 {[%clk 00:05:21]} {[%emt 00:00:57]} 22.
Nxe5 {[%clk 00:04:26]} {[%emt 00:00:36]} Qe7 {[%clk 00:04:50]} {[%emt
00:00:35]} 23. Nf3 {[%clk 00:04:15]} {[%emt 00:00:14]} Qf8 {[%clk 00:03:59]}
{[%emt 00:00:55]} 24. Nc5 {[%clk 00:03:23]} {[%emt 00:00:54]} Nd7 {[%clk
00:03:49]} {[%emt 00:00:13]} 25. Nd3 {[%clk 00:02:49]} {[%emt 00:00:38]} c5
{[%clk 00:03:30]} {[%emt 00:00:23]} 26. d5 {[%clk 00:02:42]} {[%emt 00:00:10]}
Nf6 {[%clk 00:03:11]} {[%emt 00:00:21]} 27. Nde5 {[%clk 00:02:25]} {[%emt
00:00:20]} Nd7 {[%clk 00:02:43]} {[%emt 00:00:31]} 28. Nc4 {[%clk 00:02:24]}
{[%emt 00:00:05]} b5 {[%clk 00:02:21]} {[%emt 00:00:25]} 29. Bd6 {[%clk
00:01:35]} {[%emt 00:00:52]} Re7 {[%clk 00:02:04]} {[%emt 00:00:20]} 30. Bxe7
{[%clk 00:01:16]} {[%emt 00:00:22]} Qxe7 {[%clk 00:02:06]} {[%emt 00:00:01]} 31.
Ne3 {[%clk 00:01:14]} {[%emt 00:00:04]} b4 {[%clk 00:02:00]} {[%emt 00:00:10]}
32. e5 {[%clk 00:00:50]} {[%emt 00:00:27]} Nxe5 {[%clk 00:01:51]} {[%emt
00:00:11]} 33. Nxe5 {[%clk 00:00:50]} {[%emt 00:00:04]} Bxe5 {[%clk 00:01:31]}
{[%emt 00:00:23]} 34. Nc4 {[%clk 00:00:51]} {[%emt 00:00:02]} Qf6 {[%clk
00:01:25]} {[%emt 00:00:09]} 35. Nxe5 {[%clk 00:00:50]} {[%emt 00:00:04]} Bb7
{[%clk 00:01:14]} {[%emt 00:00:14]} 36. Ng4 {[%clk 00:00:43]} {[%emt 00:00:10]}
Qg7 {[%clk 00:01:01]} {[%emt 00:00:16]} 37. Nh6+ {[%clk 00:00:42]} {[%emt
00:00:04]} Kf8 {[%clk 00:01:00]} {[%emt 00:00:04]} 38. Qg5 {[%clk 00:00:30]}
{[%emt 00:00:14]} Rd6 {[%clk 00:00:31]} {[%emt 00:00:33]} 39. Qe7# {[%clk
00:00:29]} {[%emt 00:00:05]} 1-0

[Event "Championnat de la Réunion Individuel 2026"]
[Site "Reunion"]
[Date "????.??.??"]
[Round "4.1"]
[White "FOLIO, Pierre"]
[Black "RIVIERE, Etienne"]
[Result "0-1"]
[WhiteTitle "-"]
[BlackTitle "-"]
[WhiteFideId "-"]
[BlackFideId "-"]
[WhiteElo "1787"]
[BlackElo "2062"]

1. e4 {[%clk 00:12:04]} {[%emt 00:00:02]} d5 {[%clk 00:12:04]} {[%emt
00:00:02]} 2. exd5 {[%clk 00:12:06]} {[%emt 00:00:02]} Nf6 {[%clk 00:12:06]}
{[%emt 00:00:01]} 3. Bb5+ {[%clk 00:12:08]} {[%emt 00:00:01]} Bd7 {[%clk
00:12:07]} {[%emt 00:00:02]} 4. Bc4 {[%clk 00:12:08]} {[%emt 00:00:03]} b5
{[%clk 00:12:04]} {[%emt 00:00:07]} 5. Bb3 {[%clk 00:12:01]} {[%emt 00:00:10]}
Bg4 {[%clk 00:12:04]} {[%emt 00:00:02]} 6. f3 {[%clk 00:12:01]} {[%emt
00:00:04]} Bc8 {[%clk 00:12:02]} {[%emt 00:00:05]} 7. a4 {[%clk 00:10:40]}
{[%emt 00:01:24]} b4 {[%clk 00:12:00]} {[%emt 00:00:05]} 8. c4 {[%clk
00:09:45]} {[%emt 00:00:58]} c6 {[%clk 00:11:58]} {[%emt 00:00:05]} 9. d4
{[%clk 00:09:34]} {[%emt 00:00:13]} cxd5 {[%clk 00:11:58]} {[%emt 00:00:03]} 10.
c5 {[%clk 00:09:26]} {[%emt 00:00:11]} Nc6 {[%clk 00:11:46]} {[%emt 00:00:15]}
11. f4 {[%clk 00:09:03]} {[%emt 00:00:26]} Bg4 {[%clk 00:11:24]} {[%emt
00:00:25]} 12. Qd3 {[%clk 00:08:35]} {[%emt 00:00:31]} g6 {[%clk 00:11:09]}
{[%emt 00:00:18]} 13. h3 {[%clk 00:08:32]} {[%emt 00:00:06]} Bf5 {[%clk
00:11:05]} {[%emt 00:00:07]} 14. Qe3 {[%clk 00:07:52]} {[%emt 00:00:42]} Bg7
{[%clk 00:10:48]} {[%emt 00:00:20]} 15. g4 {[%clk 00:07:40]} {[%emt 00:00:16]}
Be4 {[%clk 00:09:58]} {[%emt 00:00:54]} 16. Rh2 {[%clk 00:06:58]} {[%emt
00:00:44]} O-O {[%clk 00:09:29]} {[%emt 00:00:32]} 17. Nd2 {[%clk 00:05:34]}
{[%emt 00:01:28]} Nd7 {[%clk 00:08:32]} {[%emt 00:01:00]} 18. Ngf3 {[%clk
00:05:11]} {[%emt 00:00:26]} Bxf3 {[%clk 00:08:18]} {[%emt 00:00:17]} 19. Nxf3
{[%clk 00:05:08]} {[%emt 00:00:06]} Nxd4 {[%clk 00:07:40]} {[%emt 00:00:41]} 20.
Nxd4 {[%clk 00:05:04]} {[%emt 00:00:06]} Nxc5 {[%clk 00:07:32]} {[%emt
00:00:12]} 21. Nc6 {[%clk 00:04:26]} {[%emt 00:00:41]} Qd6 {[%clk 00:07:13]}
{[%emt 00:00:22]} 22. Rc2 {[%clk 00:03:48]} {[%emt 00:00:41]} d4 {[%clk
00:06:35]} {[%emt 00:00:41]} 23. Qxe7 {[%clk 00:02:55]} {[%emt 00:00:56]} Qxc6
{[%clk 00:05:35]} {[%emt 00:01:03]} 24. Rxc5 {[%clk 00:02:56]} {[%emt
00:00:02]} Qh1+ {[%clk 00:05:32]} {[%emt 00:00:06]} 25. Kd2 {[%clk 00:02:51]}
{[%emt 00:00:06]} Qxh3 {[%clk 00:05:02]} {[%emt 00:00:34]} 26. Rc7 {[%clk
00:02:02]} {[%emt 00:00:53]} Qxb3 {[%clk 00:04:52]} {[%emt 00:00:13]} 27. Qe2
{[%clk 00:01:35]} {[%emt 00:00:30]} Rae8 {[%clk 00:03:29]} {[%emt 00:01:26]} 28.
Qd3 {[%clk 00:01:36]} {[%emt 00:00:01]} Qd5 {[%clk 00:03:25]} {[%emt 00:00:08]}
29. Kc2 {[%clk 00:01:24]} {[%emt 00:00:15]} Rc8 {[%clk 00:02:42]} {[%emt
00:00:46]} 30. Rxc8 {[%clk 00:01:14]} {[%emt 00:00:13]} Rxc8+ {[%clk 00:02:43]}
{[%emt 00:00:02]} 31. Kb1 {[%clk 00:01:15]} {[%emt 00:00:02]} b3 {[%clk
00:02:16]} {[%emt 00:00:29]} 32. Ra3 {[%clk 00:01:06]} {[%emt 00:00:13]} Qc6
{[%clk 00:01:47]} {[%emt 00:00:31]} 33. Bd2 {[%clk 00:00:54]} {[%emt 00:00:16]}
Qh1+ {[%clk 00:01:46]} {[%emt 00:00:04]} 0-1

[Event "Championnat de la Réunion Individuel 2026"]
[Site "Reunion"]
[Date "????.??.??"]
[Round "4.4"]
[White "FRELICOT, Eric"]
[Black "HOARAU, Antoine"]
[Result "0-1"]
[WhiteTitle "-"]
[BlackTitle "-"]
[WhiteFideId "-"]
[BlackFideId "-"]
[WhiteElo "1724"]
[BlackElo "1820"]

1. d4 {[%clk 00:12:03]} {[%emt 00:00:03]} Nf6 {[%clk 00:12:05]} {[%emt
00:00:02]} 2. Bf4 {[%clk 00:12:06]} d5 {[%clk 00:12:07]} 3. e3 {[%clk
00:12:07]} {[%emt 00:00:01]} e6 {[%clk 00:12:10]} 4. Nd2 {[%clk 00:12:05]}
{[%emt 00:00:05]} Bd6 {[%clk 00:12:12]} 5. Bg3 {[%clk 00:12:07]} {[%emt
00:00:02]} O-O {[%clk 00:12:11]} {[%emt 00:00:03]} 6. Ngf3 {[%clk 00:12:04]}
{[%emt 00:00:06]} c5 {[%clk 00:12:13]} 7. c3 {[%clk 00:12:05]} {[%emt
00:00:01]} Qc7 {[%clk 00:12:15]} 8. Bd3 {[%clk 00:11:35]} {[%emt 00:00:33]}
Nbd7 {[%clk 00:12:10]} {[%emt 00:00:08]} 9. O-O {[%clk 00:10:05]} {[%emt
00:01:33]} Bxg3 {[%clk 00:12:12]} {[%emt 00:00:02]} 10. fxg3 {[%clk 00:09:55]}
{[%emt 00:00:12]} e5 {[%clk 00:12:10]} {[%emt 00:00:06]} 11. Bf5 {[%clk
00:07:09]} {[%emt 00:02:48]} e4 {[%clk 00:11:36]} {[%emt 00:00:37]} 12. Bxd7
{[%clk 00:06:43]} {[%emt 00:00:29]} Nxd7 {[%clk 00:11:00]} {[%emt 00:00:39]} 13.
Ng5 {[%clk 00:06:22]} {[%emt 00:00:21]} h6 {[%clk 00:10:44]} {[%emt 00:00:22]}
14. Nh3 {[%clk 00:06:23]} {[%emt 00:00:02]} Nf6 {[%clk 00:10:27]} {[%emt
00:00:21]} 15. Rxf6 {[%clk 00:06:08]} {[%emt 00:00:17]} Bxh3 {[%clk 00:08:26]}
{[%emt 00:02:03]} 16. Rf4 {[%clk 00:04:58]} {[%emt 00:01:13]} Be6 {[%clk
00:08:13]} {[%emt 00:00:16]} 17. Qh5 {[%clk 00:04:17]} {[%emt 00:00:44]} cxd4
{[%clk 00:07:29]} {[%emt 00:00:47]} 18. exd4 {[%clk 00:03:38]} {[%emt
00:00:42]} Qe7 {[%clk 00:07:10]} {[%emt 00:00:22]} 19. h4 {[%clk 00:03:19]}
{[%emt 00:00:22]} f5 {[%clk 00:06:45]} {[%emt 00:00:28]} 20. Raf1 {[%clk
00:02:50]} {[%emt 00:00:32]} Qf7 {[%clk 00:06:31]} {[%emt 00:00:17]} 21. Qe2
{[%clk 00:02:38]} {[%emt 00:00:15]} g5 {[%clk 00:06:21]} {[%emt 00:00:13]} 22.
hxg5 {[%clk 00:02:30]} {[%emt 00:00:11]} hxg5 {[%clk 00:06:22]} {[%emt
00:00:01]} 23. R4f2 {[%clk 00:01:54]} {[%emt 00:00:39]} Kg7 {[%clk 00:05:48]}
{[%emt 00:00:38]} 24. g4 {[%clk 00:01:27]} {[%emt 00:00:29]} f4 {[%clk
00:05:44]} {[%emt 00:00:07]} 25. c4 {[%clk 00:01:05]} {[%emt 00:00:26]} e3
{[%clk 00:05:25]} {[%emt 00:00:21]} 26. Rf3 {[%clk 00:00:05]} {[%emt 00:01:03]}
exd2 {[%clk 00:05:26]} {[%emt 00:00:02]} 0-1

[Event "Championnat de la Réunion Individuel 2026"]
[Site "Reunion"]
[Date "????.??.??"]
[Round "5.1"]
[White "HAMON, Christian"]
[Black "RIVIERE, Etienne"]
[Result "0-1"]
[WhiteTitle "-"]
[BlackTitle "-"]
[WhiteFideId "-"]
[BlackFideId "-"]
[WhiteElo "1875"]
[BlackElo "2062"]

1. d4 {[%clk 01:15:59]} d5 {[%clk 01:15:26]} {[%emt 00:00:34]} 2. Nf3 {[%clk
01:16:23]} {[%emt 00:00:05]} Nf6 {[%clk 01:15:46]} {[%emt 00:00:11]} 3. e3
{[%clk 01:16:47]} {[%emt 00:00:05]} c5 {[%clk 01:15:09]} {[%emt 00:01:08]} 4.
c4 {[%clk 01:16:09]} {[%emt 00:01:08]} e6 {[%clk 01:12:45]} {[%emt 00:02:54]} 5.
Nc3 {[%clk 01:12:44]} {[%emt 00:03:54]} Nc6 {[%clk 01:12:23]} {[%emt 00:00:52]}
6. cxd5 {[%clk 01:12:12]} {[%emt 00:01:02]} exd5 {[%clk 01:12:32]} {[%emt
00:00:22]} 7. Be2 {[%clk 01:10:46]} {[%emt 00:01:55]} c4 {[%clk 01:11:07]}
{[%emt 00:01:55]} 8. Ne5 {[%clk 01:09:22]} {[%emt 00:01:54]} Bd6 {[%clk
01:09:09]} {[%emt 00:02:28]} 9. Nxc6 {[%clk 01:02:49]} {[%emt 00:07:03]} bxc6
{[%clk 01:09:18]} {[%emt 00:00:21]} 10. b3 {[%clk 00:54:11]} {[%emt 00:09:08]}
Bb4 {[%clk 00:58:23]} {[%emt 00:11:25]} 11. Bd2 {[%clk 00:54:12]} {[%emt
00:00:29]} cxb3 {[%clk 00:56:00]} {[%emt 00:02:53]} 12. axb3 {[%clk 00:48:47]}
{[%emt 00:05:55]} O-O {[%clk 00:55:25]} {[%emt 00:01:05]} 13. O-O {[%clk
00:48:41]} {[%emt 00:00:36]} Re8 {[%clk 00:52:29]} {[%emt 00:03:26]} 14. Qc2
{[%clk 00:43:43]} {[%emt 00:05:26]} Bd6 {[%clk 00:44:43]} {[%emt 00:08:18]} 15.
Bf3 {[%clk 00:37:27]} {[%emt 00:06:46]} Bg4 {[%clk 00:41:35]} {[%emt 00:03:38]}
16. Qd1 {[%clk 00:29:03]} {[%emt 00:08:54]} Bxf3 {[%clk 00:41:00]} {[%emt
00:01:05]} 17. gxf3 {[%clk 00:27:39]} {[%emt 00:01:54]} Qd7 {[%clk 00:38:59]}
{[%emt 00:02:31]} 18. Ne2 {[%clk 00:25:53]} {[%emt 00:02:16]} Qh3 {[%clk
00:38:18]} {[%emt 00:01:12]} 19. Ng3 {[%clk 00:26:07]} {[%emt 00:00:16]} h5
{[%clk 00:35:52]} {[%emt 00:02:56]} 20. f4 {[%clk 00:17:43]} {[%emt 00:08:54]}
Ng4 {[%emt 00:02:36]} 0-1